El árbol de las ciencias: una historia del pensamiento científico
Na minha lista:
| Autor principal: | |
|---|---|
| Formato: | Livro |
| Idioma: | espanhol |
| Publicado em: |
Buenos Aires
Fondo de Cultura Económica
1996
|
| Colecção: | Ciencia Hoy
|
| Assuntos: | |
| Tags: |
Adicionar Tag
Sem tags, seja o primeiro a adicionar uma tag!
|
MARC
| LEADER | 00000nam a2200000 a 4500 | ||
|---|---|---|---|
| 001 | UCO9244 | ||
| 003 | CL-VaPUC | ||
| 008 | 010125e19960000AG |||||||||||||||||spa|d | ||
| 082 | 0 | 4 | |a 509 |b ASU |2 21 |
| 100 | 0 | |a Asúa, Miguel de |e author |9 454280 | |
| 245 | 1 | 3 | |a El árbol de las ciencias: una historia del pensamiento científico |
| 300 | |a 116 p | ||
| 942 | |c BK | ||
| 945 | |d 20010125 00:00:00 |a cmena | ||
| 260 | |a Buenos Aires |b Fondo de Cultura Económica |c 1996 | ||
| 650 | 0 | |a Historia de las ciencias |9 264975 | |
| 650 | 0 | |a Teorías científicas |9 316549 | |
| 583 | |a last modification |c 20010125 00:00:00 |k Rodrigo Vera | ||
| 490 | 0 | |a Ciencia Hoy | |
| 999 | |c 293515 |d 293513 | ||
| 952 | |0 0 |1 0 |4 0 |6 509_000000000000000_ASU_1996 |7 0 |8 A |9 345087 |a FDOPOS |b FDOPOS |d 2019-11-20 |i 3398692 |o 509 ASU 1996 |p 3398692 |r 2025-01-22 |w 2019-11-20 |y BK |k MLA | ||